000 00225nam a22000857a 4500
008 160701b xxu||||| |||| 00| 0 eng d
100 _91662
_a Dreamland Publication
245 _aThe Magic Tinder Box
260 _aNew delhi
_bM/S Arya
999 _c1381
_d1381